Superkapacitory na báze sulfidov kovov
Salvato in:
| Autore principale: | |
|---|---|
| Altri autori: | |
| Natura: | Manoscritto Libro |
| Lingua: | slovacco |
| Pubblicazione: |
Bratislava :
STU v Bratislave FEI,
2022
|
| Soggetti: | |
| Accesso online: | https://opac.crzp.sk/?fn=detailBiblioFormChildOASUS&sid=A3900C45A119566172F2F99915B9&seo=CRZP-detail-kniha |
| Tags: |
Nessun Tag, puoi essere il primo ad aggiungerne!!
|
MARC
| LEADER | 00000ntm a22000003a 4500 | ||
|---|---|---|---|
| 001 | stuzp85928 | ||
| 003 | SK-STU | ||
| 005 | 20230306103346.2 | ||
| 007 | ta | ||
| 008 | 150427s2015----xo-----f-mn---000-0-slo-d | ||
| 040 | |a STU |b slo | ||
| 041 | 0 | |a slo | |
| 044 | |a xo | ||
| 100 | 1 | |a Kuna, Martin |u 033000 |4 aut |U FEI Fakulta elektrotechniky a informatiky |T FEI Ústav elektroniky a fotoniky |X 104334 |U E030 |Y 549 |7 104334 | |
| 242 | 0 | 1 | |a Supercapacitors based on metal sulphides |y eng |
| 245 | 1 | 0 | |a Superkapacitory na báze sulfidov kovov |
| 260 | |a Bratislava : |b STU v Bratislave FEI, |c 2022 | ||
| 300 | |a 62 s. | ||
| 650 | 4 | |a Superkapacitor |2 slo | |
| 650 | 4 | |a MoS2 |2 slo | |
| 650 | 4 | |a Pseudokapacita |2 slo | |
| 650 | 4 | |a Supercapacitor |2 eng | |
| 650 | 4 | |a MoS2 |2 eng | |
| 650 | 4 | |a Pseudocapacity |2 eng | |
| 700 | 1 | |a Ondrejka, Peter |u 033000 |k Z3 |4 ths |U FEI Fakulta elektrotechniky a informatiky |T FEI Ústav elektroniky a fotoniky |X 75066 |U E030 |Y 549 |7 75066 | |
| 856 | 4 | |u https://opac.crzp.sk/?fn=detailBiblioFormChildOASUS&sid=A3900C45A119566172F2F99915B9&seo=CRZP-detail-kniha | |